| 000 | 00644nam a2200229Ia 4500 | ||
|---|---|---|---|
| 003 | OSt | ||
| 005 | 20220927114201.0 | ||
| 006 | a|||||r|||| 00| 0 | ||
| 007 | ta | ||
| 008 | 220926b |||||||| |||| 00| 0 eng d | ||
| 024 | _a75114 | ||
| 037 | _cTextbook | ||
| 040 |
_aRTL _cRTL _beng |
||
| 041 |
_2eng _aeng |
||
| 082 | _a"X724.2.P1, P2/TD3" | ||
| 245 | 0 |
_aTaxmann's income tax act _b An amended by finance act 2001 |
|
| 260 |
_aDelhi _bTaxmann India _c2002 |
||
| 300 |
_aVarious pagination _ccm. |
||
| 650 | _aIncome Tax | ||
| 942 |
_h"X724.2.P1, P2/TD3" _cCC |
||
| 999 |
_c702922 _d702922 |
||